[Event "DEM 95"]
[Site "Binz GER-CH"]
[Date "1995.??.??"]
[Round "3"]
[White "Kachiani-Gersinska, K."]
[Black "Rabiega, R."]
[Result "0-1"]
[WhiteElo "2360"]
[BlackElo "2470"]

1. d4 Nf6 2. c4 e6 3. g3 d5 4. Nf3 dxc4 5. Bg2 Nc6 6. O-O Rb8 7. e3 b5 
8. Qe2 Be7 9. Rd1 O-O 10. e4 Bb7 11. Nc3 b4 12. d5 exd5 13. Nxd5 Nxd5 
14. exd5 Na5 15. Be3 Bf6 16. Bxa7 Re8 17. Qc2 Ra8 18. Bd4 Bxd4 19. Nxd4 
Qf6 20. Nc6 Nxc6 21. dxc6 Ba6 22. Re1 g6 23. Qd2 c3 24. bxc3 bxc3 25. 
Qd5 c2 26. Qc5 Bd3 27. Qd5 Be2 28. Bf1 {Rest unleserich} 0-1